| 000 | 00550nam a2200181 a 4500 | ||
|---|---|---|---|
| 005 | 20250116063834.0 | ||
| 008 | 991125s1993 mx 000 0 spa u | ||
| 035 | _aUPN01000038331 | ||
| 049 | _aCG | ||
| 050 | 4 |
_aLB1569 _bE5.4 1993 |
|
| 111 | 2 |
_aEncuentro Pedagógico Carmen Meda _n(6o : _d1993 : _cMéxico) |
|
| 245 | 1 | 0 | _aMemorias sexto encuentro pedagógico Carmen Meda. |
| 260 |
_aMéxico : _bColegio Madrid, _c1993. |
||
| 300 | _a181 p. | ||
| 650 | 4 |
_aEducación _xAspectos sociales _zMéxico _99024 |
|
| 650 | 4 |
_aEducación _9682 |
|
| 905 | _aLibro | ||
| 999 |
_c38331 _d38331 |
||